| 000 | 00965cam a2200325Mi 4500 | ||
|---|---|---|---|
| 001 | 99667 | ||
| 005 | 20230410143110.0 | ||
| 008 | 100210s1990 sp 000 0 spa d | ||
| 035 | _a(OCoLC)ocn630601381 | ||
| 040 |
_aESUDE _bspa _cESUDE _dOCL |
||
| 019 | _a638818936 | ||
| 020 | _a8420624934 | ||
| 020 | _a9788420624938 | ||
| 035 |
_a(OCoLC)630601381 _z(OCoLC)638818936 |
||
| 080 | _a930.85 | ||
| 049 | _aGRAL | ||
| 050 | 1 | 4 | _abB165c 1990 |
| 100 | 1 | _aBajtin, Mijail Mijaèilovich. | |
| 245 | 1 | 3 |
_aLa cultura popular en la Edad Media y en el Renacimiento : _bel contexto de Francois Rabelais / _cMijail Bajtin. |
| 250 | _a1a. ed., 3a. reimp. | ||
| 260 |
_aMadrid : _bAlianza, _c1990. |
||
| 300 |
_a431 p. ; _c20 cm. |
||
| 490 | 1 |
_aAlianza Universidad ; _v493 |
|
| 650 | 0 | 4 | _aCivilización medieval. |
| 650 | 0 | 4 |
_aRenacimiento _xVida intelectual. |
| 830 | 0 |
_aAlianza Universidad ; _v493. |
|
| 942 |
_2lcc _cbk |
||
| 946 | _aMAT | ||
| 994 |
_aC0 _bDRFGD |
||
| 999 |
_c95705 _d95705 |
||